AH International Schools' Libraries

The Met Claude Monet: He Saw the World in Brilliant Light/ (Record no. 47167)

MARC details
000 -LEADER
fixed length control field 00427nam a2200133 4500
020 ## - INTERNATIONAL STANDARD BOOK NUMBER
International Standard Book Number 9780241544136
100 ## - MAIN ENTRY--PERSONAL NAME
Personal name Guglielmo, Amy,
Relator term author.
9 (RLIN) 85214
245 ## - TITLE STATEMENT
Title The Met Claude Monet: He Saw the World in Brilliant Light/
Statement of responsibility, etc wtitten by Amy Guglielmo, Illutrated by Ginnie Hsu.
260 ## - PUBLICATION, DISTRIBUTION, ETC. (IMPRINT)
Place of publication, distribution, etc London :
Name of publisher, distributor, etc DK Children ;
Date of publication, distribution, etc 2022.
300 ## - PHYSICAL DESCRIPTION
Extent unpaged.
490 ## - SERIES STATEMENT
Series statement What The Artist Saw
650 ## - SUBJECT ADDED ENTRY--TOPICAL TERM
Topical term or geographic name as entry element artist
9 (RLIN) 85215
942 ## - ADDED ENTRY ELEMENTS (KOHA)
Source of classification or shelving scheme
Koha item type Book
Holdings
Withdrawn status Lost status Source of classification or shelving scheme Damaged status Not for loan Home library Current library Date acquired Total Checkouts Full call number Barcode Date last seen Date checked out Price effective from Koha item type Public note
          Logos International School Logos International School 08/12/2024 3 J 920 MON GUG 042462 09/11/2025 09/04/2025 08/12/2024 Book People 3

For any Logos Library related questions please contact Miss Art at swongnarasuk@asianhope.org.

For any Asian Hope Library related questions please contact Miss Raza at graza@asianhope.org.

Click here to explore our ebooks!

Powered by Koha